书目信息 |
| 题名: |
中国历代食货志汇编简注
|
|
| 作者: | 王子英 , 孙翊刚 , 门志 注释 | |
| 分册: | 中册 | |
| 出版信息: | 北京 中国财政经济出版社 1986 |
|
| 页数: | 569页 | |
| 开本: | 19cm | |
| 丛书名: | ||
| 单 册: | ||
| 中图分类: | F092.2 | |
| 科图分类: | ||
| 主题词: | 经济史--中国--古代 , 经济思想史 | |
| 电子资源: | ||
| ISBN: | ||
| 000 | 00778nam0 2200277 45 | |
| 001 | 0186017831 | |
| 005 | 20040425094126.0 | |
| 010 | @dCNY3.00 | |
| 091 | @a4166.599 | |
| 100 | @a19900726d1986 em y0chiy0121 ea | |
| 101 | 0 | @achi |
| 102 | @aCN@b110000 | |
| 105 | @ay z 000yy | |
| 106 | @ar | |
| 200 | 10 | @a中国历代食货志汇编简注@Azhong guo li dai shi huo zhi hui bian jian zhu@h中册@f王子英等注释 |
| 210 | @a北京@c中国财政经济出版社@d1986 | |
| 215 | @a569页@d19cm | |
| 606 | @a经济史@y中国@z古代 | |
| 606 | 0 | @a经济思想史 |
| 690 | @aF092.2 | |
| 701 | 0 | @a王子英@Awang zi ying@4注释 |
| 701 | 0 | @a孙翊刚@Asun yi gang@4注释 |
| 701 | 0 | @a门志@Amen zhi@4注释 |
| 801 | 0 | @aCN@b深圳图书馆@c20040425 |
| 801 | 2 | @aCN@bNLC@c20040425 |
| 905 | @f1@b251836@dF092.2@e16:2 | |
| 中国历代食货志汇编简注.中册/王子英等注释.-北京:中国财政经济出版社,1986 |
| 569页;19cm |
| ISBN :CNY3.00 |
| ● |
| 相关链接 |
|
|
|
|
正题名:中国历代食货志汇编简注
索取号:F092.2/16:2
 
预约/预借
| 序号 | 登录号 | 条形码 | 馆藏地/架位号 | 状态 | 备注 |
| 1 | 0251836 | 000194890 | 第一借阅区/ [索取号:F092.2/16:2] | 在馆 | |
| 2 | 0251837 | 000195808 | 第一样本阅览室/ [索取号:F092.2/16:2] | 在馆 |